COMPLEXITY HINTS FOR ECONOMIC POLICY (Record no. 31068)

MARC details
000 -LEADER
fixed length control field 00341nam a2200133Ia 4500
008 - FIXED-LENGTH DATA ELEMENTS--GENERAL INFORMATION
fixed length control field 240624s9999 xx 000 0 und d
041 ## - LANGUAGE CODE
Language code of text/sound track or separate title eng
082 ## - DEWEY DECIMAL CLASSIFICATION NUMBER
Classification number 330.0954 COL
100 ## - MAIN ENTRY--PERSONAL NAME
Personal name SALZANO M
245 ## - TITLE STATEMENT
Title COMPLEXITY HINTS FOR ECONOMIC POLICY
260 ## - PUBLICATION, DISTRIBUTION, ETC.
Date of publication, distribution, etc. 2007
Place of publication, distribution, etc. New Delhi
Name of publisher, distributor, etc. Springer
300 ## - PHYSICAL DESCRIPTION
Extent xxiii, 310 p.; 23 cm.
365 ## - TRADE PRICE
Currency code ERU
Price amount 38
Holdings
Withdrawn status Lost status Damaged status Not for loan Home library Current library Shelving location Date acquired Full call number Barcode Date last seen Copy number Price effective from Koha item type
        IMTN IMTN Rack 7-A 09/06/2018 330.0954 COL 31068 06/24/2024 82.7 06/24/2024 Books
Designed & Maintained by: LRC IMT Nagpur Contact: lrc@imtnag.ac.in© 2024. All Rights Reserved.